Top 15 Covid-19 getroffen landen - 21 september - Statistieken

Algemene statistieken
  • Deze quiz is 4 keer genomen
  • De gemiddelde score is 11 van 24
Antwoordstatistieken
land % Correct
Brazilië
100%
Frankrijk
100%
Rusland
100%
Verenigde Staten
100%
Verenigd Koninkrijk
100%
Argentinië
67%
Chili
67%
Chili
67%
India
67%
Mexico
67%
Spanje
67%
Colombia
33%
Costa Rica
33%
Iran
33%
Panama
33%
Peru
33%
Zuid-Afrika
33%
Armenië
0%
Bahrein
0%
Bangladesh
0%
Israël
0%
Koeweit
0%
Oman
0%
Qatar
0%
Geen overeenkomende quizzen gevonden
Scoreverdeling
Procent van Mensen met Elke Score
Percentiel versus Aantal Correcte Antwoorden
Uw Scoregeschiedenis
U heeft deze quiz nog niet genomen